El Plat de llenties : periodisme i transició a Catalunya (1975-1985) / Josep M. Huertas periodisme i transició a Catalunya (1975-1985) / Josep M. Huertas
ISBN:
84-933434-4-7
Descripción Física:
157 p. : il. ; 24 cm
Colección:
Vaixells de paper ; 31
MARC
| LEADER | 00000nam a2200000Ia 4500 | ||
|---|---|---|---|
| 001 | 17834 | ||
| 008 | 160829s2005 xx 000 0 cat d | ||
| 020 | |a 84-933434-4-7 | ||
| 080 | |a O-1-132 | ||
| 100 | |a Huertas, Josep M. |q (Josep Maria), |d 1939-2007 |9 27140 | ||
| 245 | |a El Plat de llenties : |b periodisme i transició a Catalunya (1975-1985) / Josep M. Huertas | ||
| 260 | |a Barcelona : |b Col·legi de Periodistes de Catalunya : |b Diputació de Barcelona, |c 2005 | ||
| 300 | |a 157 p. : |b il. ; |c 24 cm | ||
| 490 | |a Vaixells de paper ; 31 | ||
| 650 | |a Periodisme |x Catalunya |x Segle XX |9 23361 | ||
| 651 | 0 | |a Catalunya |x Història |y 1975-1980, Transició |9 53733 | |
| 710 | 2 | |a Col·legi de Periodistes de Catalunya |9 52967 | |
| 710 | 1 | |a Barcelona (Catalunya : Província). |b Diputació |9 52408 | |
| 901 | |a Arxiu | ||
| 942 | |n 1 | ||
| 952 | |0 0 |1 0 |4 0 |6 O1132 |7 1 |9 42679 |a Arxiu |b Arxiu |d 2016-12-01 |l 0 |o O-1-132 |p 17834 |r 2016-12-01 00:00:00 |w 2016-12-01 |y ARXIU | ||
| 999 | |c 45185 |d 45185 | ||